• 首页
  • 本馆介绍
  • 公告通知
  • 最新文献
  • 馆藏检索
  • 电子资源
  • 读者导购
  • 参考咨询
  • 我的图书馆
  • 登录
  • 详细信息显示
  • 放入我的书架
  • 预约/预借图书
  • 作者相关作品
  • 分类相关作品
  • 丛书相关作品
  • 出版社相关作品

书目信息

  • 表格格式
  • 工作单格式
  • 卡片格式
题名:
农业与土地开发法律法规学习读本
    
 
作者: 李勇 主编
分册:   土地开发法律法规
出版信息: 汕头   汕头大学出版社  2018
页数: 138页
开本: 22cm
丛书名:
单 册:
中图分类: D922.309 , D922
科图分类:
主题词: 土地开发--土地法--中国--汇编
电子资源:
ISBN: 978-7-5658-3672-5
000 00928nam0 2200253 450
001 2333685999
005 20231120211835.57
010    @a978-7-5658-3672-5@dCNY29.80
100    @a20190921d2018 em y0chiy50 ea
101 0  @achi
102    @aCN@b440000
105    @ay n 000yy
200 1  @a农业与土地开发法律法规学习读本@ANong Ye Yu Tu Di Kai Fa Fa Lu Fa Gui Xue Xi Du Ben@i土地开发法律法规@f李勇主编
210    @a汕头@c汕头大学出版社@d2018
215    @a138页@d22cm
300    @a全国“七五”普法学习读本 农业与土地开发法律法规学习读本 最新农村发展法律法规读本
330    @a本书分为全国土地整治开发法律法规、土地复垦条例、土地复垦条例实施办法、实物地质资料管理办法四部分。
517 1  @a土地开发法律法规@ATu Di Kai Fa Fa Lu Fa Gui
606 0  @a土地开发@x土地法@y中国@j汇编
690    @aD922.309@v5
690    @aD922@v4
701  0 @a李勇@Ali yong@4主编
801  0 @aCN@b山东中教@c20230928
905    @aBZT@dD922@e163:1
    
    农业与土地开发法律法规学习读本.土地开发法律法规/李勇主编.-汕头:汕头大学出版社,2018
    138页;22cm
    全国“七五”普法学习读本 农业与土地开发法律法规学习读本 最新农村发展法律法规读本
    
    ISBN 978-7-5658-3672-5:CNY29.80
    本书分为全国土地整治开发法律法规、土地复垦条例、土地复垦条例实施办法、实物地质资料管理办法四部分。
●
相关链接 在五车中查询图书 在当当中查询图书 在豆瓣中查询图书


正题名:农业与土地开发法律法规学习读本     索取号:D922/163:1         预约/预借

序号 登录号 条形码 馆藏地/架位号 状态 备注
1 2000971919   2000971919   315书库/四5架A面5层1列/ [索取号:D922/163:1] 在馆    
2 2000971920   2000971920   315书库/四5架A面5层1列/ [索取号:D922/163:1] 在馆    
3 2000971921   2000971921   315书库/四5架A面5层1列/ [索取号:D922/163:1] 在馆    
4 2000971922   2000971922   315书库/四5架A面5层1列/ [索取号:D922/163:1] 在馆    
5 2000971923   2000971923   315书库/四5架A面5层1列/ [索取号:D922/163:1] 在馆    
6 2000971924   2000971924   315书库/四5架A面5层1列/ [索取号:D922/163:1] 在馆    
山东省滨州职业学院图书馆 欢迎您!
大连网信软件有限公司© 版权所有